[Event "M.Chigorin Memorial 2017 "]
[Site "?????-?????????"]
[Date "2017.10.25"]
[Round "5"]
[Board "10"]
[White "Lomasov, Semen"]
[Black "Paravyan, David"]
[Result "1/2-1/2"]
[WhiteElo "2490"]
[BlackElo "2548"]
[PlyCount "80"]
[EventDate "2017.10.21"]
[EventRounds "9"]
[EventCountry "RUS"]

1. e4 e5 2. Nf3 Nf6 3. Nc3 Nc6 4. d4 exd4 5. Nxd4 Bb4 6. Nxc6 bxc6 7. Bd3 O-O
8. O-O d5 9. exd5 cxd5 10. h3 c6 11. Qf3 Re8 12. Bf4 Bd6 13. Rfe1 Be6 14. Rad1
Qb8 15. Bxd6 Qxd6 16. Ne2 Qb4 17. b3 a5 18. Nf4 Bd7 19. c3 Qa3 20. c4 Qxa2 21.
cxd5 cxd5 22. Nxd5 Nxd5 23. Rxe8+ Rxe8 24. Qxd5 Be6 25. Qb5 Rf8 26. Bc4 Qc2 27.
Ra1 Bxc4 28. bxc4 Rc8 29. Qxa5 Qxc4 30. Rd1 h6 31. Rd8+ Rxd8 32. Qxd8+ Kh7 33.
Qd6 Qe4 34. Kh2 h5 35. Qc7 Qf5 36. Qg3 g6 37. h4 Qf6 38. Kh3 Qf5+ 39. Kh2 Qf6
40. Kh3 Qf5+  1/2-1/2

[Event "M.Chigorin Memorial 2017 "]
[Site "?????-?????????"]
[Date "2017.10.25"]
[Round "5"]
[Board "11"]
[White "Levin, Evgeny A."]
[Black "Dai, Changren"]
[Result "1-0"]
[WhiteElo "2545"]
[BlackElo "2425"]
[PlyCount "119"]
[EventDate "2017.10.21"]
[EventRounds "9"]
[EventCountry "RUS"]

1. d4 d5 2. c4 e6 3. Nc3 Be7 4. Nf3 Nf6 5. Bg5 h6 6. Bh4 O-O 7. e3 b6 8. Qb3
Bb7 9. Bxf6 Bxf6 10. cxd5 exd5 11. Rd1 c6 12. Bd3 Nd7 13. O-O Re8 14. Rfe1 Nf8
15. Bb1 g6 16. a3 Bg7 17. Qc2 Qd7 18. Ba2 Rad8 19. b4 Qd6 20. Qb3 Ne6 21. Rd2
Re7 22. Rc1 Red7 23. Rcd1 Ba8 24. Ne1 Qb8 25. Rb1 Qc8 26. Nf3 c5 27. Rc1 Qa6
28. Ne2 c4 29. Qb2 Ng5 30. Ne5 Re7 31. Nc3 Qb7 32. f4 Nh7 33. b5 Qb8 34. Bb1
Nf8 35. Re1 Rde8 36. Rde2 Qd6 37. Na2 Kh7 38. h4 h5 39. g4 hxg4 40. h5 Kg8 41.
hxg6 f6 42. Nxg4 Ne6 43. Nc3 Bb7 44. Rf1 Nxd4 45. exd4 Rxe2 46. Nxe2 Qe6 47.
Ng3 Qxg4 48. Qf2 Re4 49. Bxe4 dxe4 50. Qe3 f5 51. Kf2 Bf6 52. Rg1 Bh4 53. Ke1
c3 54. Qxc3 Qxf4 55. Kd1 Qf3+ 56. Qxf3 exf3 57. Nxf5 f2 58. Rf1 Bf3+ 59. Kd2
Bg2 60. Ke2  1-0

[Event "M.Chigorin Memorial 2017 "]
[Site "?????-?????????"]
[Date "2017.10.25"]
[Round "5"]
[Board "12"]
[White "Li, Yankai"]
[Black "Sarana, Alexey"]
[Result "1/2-1/2"]
[WhiteElo "2455"]
[BlackElo "2543"]
[PlyCount "95"]
[EventDate "2017.10.21"]
[EventRounds "9"]
[EventCountry "RUS"]

1. e4 d6 2. d4 Nf6 3. Nc3 e5 4. Nf3 Nbd7 5. Bc4 Be7 6. O-O O-O 7. Re1 c6 8. a4
a5 9. h3 Nb6 10. Ba2 Nfd7 11. Be3 exd4 12. Bxd4 Nc5 13. Bxc5 dxc5 14. Qe2 Qd6
15. Rad1 Qg6 16. Ne5 Qh6 17. Nc4 Nxc4 18. Bxc4 Qg5 19. Qe3 Qxe3 20. Rxe3 Bg5
21. Re2 Be6 22. Bxe6 fxe6 23. e5 Rad8 24. Rxd8 Rxd8 25. Ne4 Rd1+ 26. Kh2 Bf4+
27. g3 Bxe5 28. Nxc5 Bxb2 29. Nxb7 Bc3 30. Re3 Bd4 31. Rd3 Rxd3 32. cxd3 Bb6
33. f4 Kf7 34. Nd6+ Kf6 35. Kg2 Bd4 36. Nc4 Bc3 37. Kf3 Ke7 38. g4 Kd7 39. Ke4
c5 40. Ne5+ Ke7 41. Nc4 Kd7 42. Na3 Kc6 43. Nc2 Kd6 44. Ne3 Kc6 45. h4 g6 46.
Nc4 h5 47. g5 Kd7 48. Ne3  1/2-1/2

[Event "M.Chigorin Memorial 2017 "]
[Site "?????-?????????"]
[Date "2017.10.25"]
[Round "5"]
[Board "13"]
[White "Yakubboev, Nodirbek"]
[Black "Tsydypov, Zhamsaran"]
[Result "1-0"]
[WhiteElo "2437"]
[BlackElo "2529"]
[PlyCount "47"]
[EventDate "2017.10.21"]
[EventRounds "9"]
[EventCountry "RUS"]

1. d4 d5 2. Nf3 Nf6 3. c4 c6 4. e3 g6 5. Nc3 Bg7 6. Be2 O-O 7. O-O dxc4 8. Bxc4
Bg4 9. h3 Bxf3 10. Qxf3 Nbd7 11. Rd1 Ne8 12. Bb3 Nd6 13. e4 c5 14. e5 cxd4 15.
exd6 dxc3 16. Bg5 Bf6 17. dxe7 Bxe7 18. Bh6 cxb2 19. Rab1 Ne5 20. Qxb7 Rb8 21.
Qxa7 Qe8 22. Bxf8 Qxf8 23. Rxb2 Ra8 24. Qb7  1-0

[Event "M.Chigorin Memorial 2017 "]
[Site "?????-?????????"]
[Date "2017.10.25"]
[Round "5"]
[Board "14"]
[White "Geller, Jakov"]
[Black "Tsoi, Dmitry"]
[Result "0-1"]
[WhiteElo "2526"]
[BlackElo "2361"]
[PlyCount "66"]
[EventDate "2017.10.21"]
[EventRounds "9"]
[EventCountry "RUS"]

1. e4 d6 2. d4 Nf6 3. Nc3 e5 4. Nf3 Nbd7 5. Bc4 Be7 6. O-O O-O 7. a4 c6 8. Re1
exd4 9. Nxd4 Ne5 10. Bf1 Re8 11. h3 Bf8 12. a5 Bd7 13. f4 Ng6 14. Qf3 b5 15.
axb6 axb6 16. Bd2 Rxa1 17. Rxa1 c5 18. Nde2 Bc6 19. Ng3 d5 20. e5 Ne4 21. Ngxe4
dxe4 22. Qf2 Qd4 23. Be3 Qb4 24. Nd1 Rd8 25. Qe2 Ne7 26. Ra3 Bb5 27. Qxb5 Rxd1
28. Qe2 Qxb2 29. Rb3 Qa1 30. Kf2 Nd5 31. c4 Nb4 32. g3 Nd3+ 33. Kg2 Re1  0-1

[Event "M.Chigorin Memorial 2017 "]
[Site "?????-?????????"]
[Date "2017.10.25"]
[Round "5"]
[Board "15"]
[White "Saveliev, Alexei"]
[Black "Burmakin, Vladimir"]
[Result "0-1"]
[WhiteElo "2387"]
[BlackElo "2515"]
[PlyCount "84"]
[EventDate "2017.10.21"]
[EventRounds "9"]
[EventCountry "RUS"]

1. d4 d5 2. Bf4 Nf6 3. Nc3 e6 4. e3 Bd6 5. Qf3 Bxf4 6. exf4 Nbd7 7. O-O-O Nb6
8. g4 Bd7 9. Bd3 Qe7 10. Nge2 O-O-O 11. Rhe1 Ne8 12. Kb1 Nd6 13. Nc1 Qh4 14.
Nb3 h5 15. g5 Qg4 16. Qe3 Nbc4 17. Qc1 b6 18. Ne2 h4 19. Ng1 h3 20. f3 Qh4 21.
Na1 Nf5 22. b3 Ncd6 23. Bf1 Kb8 24. Qd2 Ne7 25. c3 Ng6 26. Nxh3 Nc8 27. Nc2 e5
28. Nf2 exf4 29. Nd3 Qxh2 30. Be2 Bf5 31. Kb2 a5 32. Na3 Rhe8 33. b4 Re3 34.
Nc2 Re6 35. bxa5 Rde8 36. Nc1 bxa5 37. Rh1 Rb6+ 38. Ka3 Qf2 39. Rdf1 Rxe2 40.
Nxe2 Nd6 41. Rxf2 Nc4+ 42. Ka4 Bd7#  0-1

[Event "M.Chigorin Memorial 2017 "]
[Site "?????-?????????"]
[Date "2017.10.25"]
[Round "5"]
[Board "16"]
[White "Ponfilenok, Vladimir"]
[Black "Mikaelyan, Arman"]
[Result "0-1"]
[WhiteElo "2350"]
[BlackElo "2503"]
[PlyCount "112"]
[EventDate "2017.10.21"]
[EventRounds "9"]
[EventCountry "RUS"]

1. d4 Nf6 2. c4 g6 3. Nf3 Bg7 4. g3 O-O 5. Bg2 d6 6. O-O Nbd7 7. Nc3 e5 8. e4
exd4 9. Nxd4 Re8 10. h3 Nc5 11. Re1 a5 12. Ndb5 Bd7 13. Bf4 Nh5 14. Be3 Qc8 15.
g4 Nf6 16. Bxc5 Bxb5 17. cxb5 dxc5 18. e5 Nd7 19. f4 g5 20. Be4 Nf8 21. Qf3 Rb8
22. Bf5 Ne6 23. Rad1 gxf4 24. Nd5 c6 25. Nxf4 cxb5 26. Nh5 Qc7 27. Qe3 Qe7 28.
Rd6 Qxd6 29. exd6 Bd4 30. Nf6+ Kg7 31. Nxe8+ Rxe8 32. Qxd4+ cxd4 33. Re5 Rd8
34. Bxe6 Kf6 35. Rxb5 fxe6 36. g5+ Kg6 37. Re5 Rxd6 38. Kf2 Kh5 39. Ke2 Kh4 40.
Rb5 b6 41. a4 Kg3 42. g6 hxg6 43. Rg5+ Kf4 44. Rxg6 Kf5 45. Rh6 Kg5 46. Rh8 d3+
47. Kd2 e5 48. Rf8 e4 49. Rf1 Rc6 50. Ke3 Rc4 51. b3 Rb4 52. Rf8 Kh4 53. Rh8+
Kg3 54. h4 Rd4 55. Rg8+ Kh2 56. Rf8 d2  0-1

[Event "M.Chigorin Memorial 2017 "]
[Site "?????-?????????"]
[Date "2017.10.25"]
[Round "5"]
[Board "17"]
[White "Palachev, Petr"]
[Black "Sethuraman, S.P."]
[Result "1/2-1/2"]
[WhiteElo "2372"]
[BlackElo "2632"]
[PlyCount "101"]
[EventDate "2017.10.21"]
[EventRounds "9"]
[EventCountry "RUS"]

1. d4 d6 2. Nf3 Nf6 3. c4 g6 4. Nc3 Bf5 5. d5 Bg7 6. Nd4 Bd7 7. e4 a5 8. Be2
Na6 9. O-O e5 10. Nc2 Nc5 11. f3 O-O 12. Be3 Nh5 13. Qd2 b6 14. g3 f5 15. exf5
gxf5 16. f4 Nf6 17. Rae1 Nfe4 18. Nxe4 Nxe4 19. Qc1 exf4 20. Bxf4 Qf6 21. b3 a4
22. Bf3 Nc3 23. Nb4 Rfe8 24. Qc2 b5 25. Nc6 axb3 26. axb3 Ra2 27. Rxe8+ Bxe8
28. Qxf5 Qxf5 29. Ne7+ Kh8 30. Nxf5 Bf6 31. Re1 Bd7 32. g4 bxc4 33. bxc4 Ra4
34. Ne3 Kg7 35. Kg2 Bd4 36. Kg3 Kf7 37. g5 Bxe3 38. Bxe3 Rxc4 39. Rc1 Bb5 40.
Bd2 Na4 41. Rxc4 Bxc4 42. Ba5 Nb6 43. Be4 Kg7 44. Kf4 Bb5 45. h4 Be8 46. Bf3
Bf7 47. h5 Nxd5+ 48. Bxd5 Bxd5 49. Bxc7 Bf7 50. h6+ Kg6 51. Bxd6  1/2-1/2

[Event "M.Chigorin Memorial 2017 "]
[Site "?????-?????????"]
[Date "2017.10.25"]
[Round "5"]
[Board "18"]
[White "Sengupta, Deep"]
[Black "Yatzenko, Anton"]
[Result "1-0"]
[WhiteElo "2587"]
[BlackElo "2365"]
[PlyCount "103"]
[EventDate "2017.10.21"]
[EventRounds "9"]
[EventCountry "RUS"]

1. e4 e5 2. Nf3 Nc6 3. Nc3 Nf6 4. Bb5 Bb4 5. O-O O-O 6. d3 Bxc3 7. bxc3 d6 8.
Bg5 h6 9. Bh4 Bd7 10. Rb1 a6 11. Ba4 b5 12. Bb3 Na5 13. Re1 Qe7 14. d4 Bg4 15.
Qd3 Rfe8 16. Nd2 g5 17. Bg3 Nh5 18. a4 Nxb3 19. cxb3 c6 20. Nf1 Nf4 21. Qd2 Bh5
22. f3 Bg6 23. Ne3 h5 24. Rbd1 Rad8 25. c4 h4 26. Bxf4 gxf4 27. Ng4 Kg7 28.
axb5 axb5 29. cxb5 cxb5 30. Qb4 f6 31. dxe5 Qa7+ 32. Kh1 dxe5 33. Qxb5 Rxd1 34.
Rxd1 Rd8 35. Rf1 Rb8 36. Qc6 Rb6 37. Qc5 Qa6 38. Rd1 Rxb3 39. h3 Qb6 40. Qe7+
Bf7 41. Kh2 Qe6 42. Qc5 Qb6 43. Qe7 Qe6 44. Qc7 Qb6 45. Qd7 Qe6 46. Qd2 Bh5 47.
Qd8 Rb6 48. Rd7+ Bf7 49. Re7 Qb3 50. Qc7 Ra6 51. Nh6 Kxh6 52. Rxf7  1-0

[Event "M.Chigorin Memorial 2017 "]
[Site "?????-?????????"]
[Date "2017.10.25"]
[Round "5"]
[Board "19"]
[White "Batchuluun, Tsegmed"]
[Black "Soumya, Swaminathan"]
[Result "1/2-1/2"]
[WhiteElo "2571"]
[BlackElo "2320"]
[PlyCount "105"]
[EventDate "2017.10.21"]
[EventRounds "9"]
[EventCountry "RUS"]

1. d4 Nf6 2. c4 g6 3. Nc3 d5 4. Bg5 Ne4 5. Bh4 Nxc3 6. bxc3 dxc4 7. e3 Be6 8.
Nf3 Bg7 9. Rb1 Nd7 10. Ng5 Bd5 11. e4 h6 12. exd5 hxg5 13. Bxg5 Nb6 14. Bxc4
Nxc4 15. Qa4+ Qd7 16. Qxc4 O-O-O 17. Bf4 g5 18. Bg3 f5 19. f4 g4 20. Rb5 Rh6
21. O-O b6 22. Rfb1 Rd6 23. Bh4 Bf6 24. Bxf6 exf6 25. a4 Qe7 26. Qd3 Rxd5 27.
Kf1 Qe4 28. Qxe4 fxe4 29. Kf2 f5 30. Rxd5 Rxd5 31. h3 gxh3 32. gxh3 c6 33. h4
Rd6 34. h5 Rh6 35. Rh1 Kd7 36. Kg3 Ke6 37. Kh4 Rh8 38. Rg1 Kd5 39. Rg7 Kc4 40.
Kg5 Kd3 41. Re7 e3 42. h6 e2 43. Kg6 Rg8+ 44. Kxf5 Rg3 45. h7 Rh3 46. Kg6 Rg3+
47. Kf6 Rh3 48. Kg7 Rg3+ 49. Kf8 Rh3 50. Kg8 Rg3+ 51. Kf8 Rh3 52. Kg8 Rg3+ 53.
Kf8  1/2-1/2

[Event "M.Chigorin Memorial 2017 "]
[Site "?????-?????????"]
[Date "2017.10.25"]
[Round "5"]
[Board "20"]
[White "Pridorozhni, Aleksei"]
[Black "Donskov, Anatoly"]
[Result "1-0"]
[WhiteElo "2565"]
[BlackElo "2308"]
[PlyCount "69"]
[EventDate "2017.10.21"]
[EventRounds "9"]
[EventCountry "RUS"]

1. e4 c5 2. Nf3 Nc6 3. Bb5 g6 4. Bxc6 dxc6 5. d3 Bg7 6. h3 Nh6 7. O-O f6 8. a3
O-O 9. Nc3 e5 10. Be3 b6 11. b4 cxb4 12. axb4 Nf7 13. Ra3 f5 14. exf5 gxf5 15.
Re1 Kh8 16. Bc1 Rg8 17. Bb2 Qf8 18. Qa1 Qxb4 19. Na4 e4 20. Bxg7+ Rxg7 21. Nd4
Bd7 22. dxe4 Rag8 23. Rg3 fxe4 24. Rxe4 Qd6 25. Rxg7 Rxg7 26. Nf5 Qg6 27. Qxg7+
Qxg7 28. Nxg7 Kxg7 29. Re7 Bf5 30. Rxa7 b5 31. Nc5 Bxc2 32. Rc7 Kf6 33. Rxc6+
Ke7 34. Rb6 Nd6 35. Nb7  1-0

[Event "M.Chigorin Memorial 2017 "]
[Site "?????-?????????"]
[Date "2017.10.25"]
[Round "5"]
[Board "21"]
[White "Nesterov, Arseniy"]
[Black "Ismagambetov, Anuar"]
[Result "1-0"]
[WhiteElo "2350"]
[BlackElo "2553"]
[PlyCount "99"]
[EventDate "2017.10.21"]
[EventRounds "9"]
[EventCountry "RUS"]

1. d4 Nf6 2. c4 g6 3. Nc3 Bg7 4. e4 d6 5. Be2 O-O 6. Bg5 c5 7. d5 h6 8. Bf4 a6
9. Qd2 b5 10. cxb5 axb5 11. Bxb5 Qa5 12. Bd3 Ba6 13. Bxa6 Nxa6 14. Bxh6 Bxh6
15. Qxh6 Nb4 16. Kf1 Nd3 17. Qd2 c4 18. Rb1 Rfb8 19. g3 Nxe4 20. Nxe4 Qxd5 21.
f3 Rxa2 22. Nc3 Qa5 23. Nge2 Qa7 24. Nd1 d5 25. Nec3 Ra5 26. b3 Rd8 27. bxc4
dxc4 28. Qe3 Qa8 29. Qe4 Qc8 30. f4 e5 31. f5 Rd4 32. Qe3 Qa8 33. Rg1 Ra6 34.
Rg2 Rf6 35. g4 Nf4 36. Rg3 Qh1+ 37. Qg1 Qc6 38. Qe3 Qh1+ 39. Rg1 Qxh2 40. Rb2
Qh4 41. Nf2 Ra6 42. Rb8+ Rd8 43. Rb1 Ra3 44. Rh1 Qf6 45. Nfe4 Qc6 46. Qg3 Rxc3
47. Qh4 Rf3+ 48. Kg1 Ne2+ 49. Kg2 Rh3 50. Qxd8+  1-0

[Event "M.Chigorin Memorial 2017 "]
[Site "?????-?????????"]
[Date "2017.10.25"]
[Round "5"]
[Board "22"]
[White "Schekachikhin, Maksim"]
[Black "Steinberg, Nitzan"]
[Result "1/2-1/2"]
[WhiteElo "2348"]
[BlackElo "2524"]
[PlyCount "131"]
[EventDate "2017.10.21"]
[EventRounds "9"]
[EventCountry "RUS"]

1. d4 d5 2. c4 c6 3. Nc3 Nf6 4. e3 e6 5. Nf3 Nbd7 6. Qc2 Bd6 7. Bd3 O-O 8. O-O
dxc4 9. Bxc4 b5 10. Be2 a6 11. Ng5 Bb7 12. Nce4 Nxe4 13. Nxe4 Be7 14. Nc5 Bxc5
15. dxc5 f5 16. Bd2 a5 17. Rfd1 Qc7 18. Be1 Nf6 19. Rd6 Ne4 20. Rd3 Qe7 21. Rc1
e5 22. f3 Nf6 23. Rd6 Nd5 24. Qd2 Qg5 25. Bf2 Rad8 26. Rxd8 Qxd8 27. Rd1 Qg5
28. a4 b4 29. Bc4 Kh8 30. e4 Qxd2 31. Rxd2 fxe4 32. fxe4 Nf6 33. Be3 h6 34. h3
Re8 35. Bf7 Re7 36. Bg6 Rd7 37. Rd6 Kg8 38. Bf5 Re7 39. Bf2 Ne8 40. Bh4 g5 41.
Rg6+ Rg7 42. Bg3 Rxg6 43. Bxg6 Nc7 44. Bxe5 Ne6 45. Bd6 Nd4 46. Bc7 Nb3 47. Bb6
Kg7 48. Bh5 Ba6 49. e5 Bc4 50. Kf2 Bd5 51. g3 Nd2 52. Bxa5 Ne4+ 53. Ke3 Nxc5
54. Bxb4 Nxa4 55. Bc3 c5 56. Be8 Nb6 57. Bb5 Kf7 58. Be2 Be6 59. h4 Bf5 60.
hxg5 hxg5 61. Bd1 Nd5+ 62. Kd2 Ke6 63. Bb3 Be4 64. Ke2 Kf5 65. Bd2 g4 66. Bxd5
 1/2-1/2

[Event "M.Chigorin Memorial 2017 "]
[Site "?????-?????????"]
[Date "2017.10.25"]
[Round "5"]
[Board "23"]
[White "Soffer, Ram"]
[Black "Konaplev, Anton"]
[Result "1-0"]
[WhiteElo "2500"]
[BlackElo "2298"]
[PlyCount "75"]
[EventDate "2017.10.21"]
[EventRounds "9"]
[EventCountry "RUS"]

1. c4 e6 2. Nf3 Nf6 3. g3 d5 4. Bg2 dxc4 5. O-O Nbd7 6. Qc2 Nb6 7. a4 a5 8. Na3
Bxa3 9. Rxa3 O-O 10. e4 Qe7 11. b3 Qb4 12. Ne5 Nfd7 13. Nxc4 Nxc4 14. bxc4 e5
15. c5 Qxc5 16. Rc3 Qd6 17. Rxc7 Nb6 18. d4 exd4 19. Bf4 Qa3 20. Rb1 d3 21. Qd1
Nxa4 22. Ra1 Nc3 23. Rxa3 Nxd1 24. Ra1 Nb2 25. Bc1 Be6 26. Bxb2 b5 27. e5 Rab8
28. Rxa5 Rfd8 29. Bf3 Bb3 30. Ra1 d2 31. Bd1 Bc4 32. f4 Rd3 33. Kf2 g6 34. Ra3
Rd5 35. e6 fxe6 36. Rg7+ Kf8 37. Rxh7 Rbd8 38. Raa7  1-0

[Event "M.Chigorin Memorial 2017 "]
[Site "?????-?????????"]
[Date "2017.10.25"]
[Round "5"]
[Board "24"]
[White "Bykov, Egor"]
[Black "Vakhidov, Jakhongir"]
[Result "1/2-1/2"]
[WhiteElo "2346"]
[BlackElo "2498"]
[PlyCount "81"]
[EventDate "2017.10.21"]
[EventRounds "9"]
[EventCountry "RUS"]

1. d4 d6 2. Nf3 g6 3. c4 Bg7 4. Nc3 Nf6 5. e4 O-O 6. Be2 c5 7. d5 e6 8. h3 Re8
9. O-O exd5 10. exd5 Bf5 11. Bd3 Bxd3 12. Qxd3 Na6 13. Bf4 Nb4 14. Qd2 Ne4 15.
Nxe4 Rxe4 16. a3 Na6 17. Bg5 Qd7 18. Rae1 Rae8 19. b3 b6 20. Rxe4 Rxe4 21. Re1
Rxe1+ 22. Qxe1 Nc7 23. a4 h6 24. Qe7 Qxe7 25. Bxe7 Ne8 26. Bd8 Bc3 27. Kf1 f5
28. Ke2 Kf7 29. Kd3 Bf6 30. Bxf6 Nxf6 31. Nd2 g5 32. Ke3 Kg6 33. g3 Nh5 34. Nf1
Nf6 35. Nd2 g4 36. hxg4 Nxg4+ 37. Ke2 Kf6 38. f3 Ne5 39. f4 Ng4 40. Nb1 a6 41.
Nd2  1/2-1/2

[Event "M.Chigorin Memorial 2017 "]
[Site "?????-?????????"]
[Date "2017.10.25"]
[Round "5"]
[Board "25"]
[White "Zakhartsov, Vladimir"]
[Black "Ivlev, Aleksey"]
[Result "0-1"]
[WhiteElo "2461"]
[BlackElo "2296"]
[PlyCount "90"]
[EventDate "2017.10.21"]
[EventRounds "9"]
[EventCountry "RUS"]

1. Nf3 Nf6 2. c4 c6 3. d4 d5 4. Nc3 e6 5. e3 Nbd7 6. b3 Bb4 7. Bd2 O-O 8. Qc2
b6 9. Bd3 Bb7 10. O-O Bd6 11. e4 dxc4 12. bxc4 e5 13. d5 cxd5 14. cxd5 Nc5 15.
Nb5 Bb8 16. a4 Bxd5 17. exd5 Nxd3 18. Qxd3 e4 19. Qd4 exf3 20. Bg5 a6 21. Bxf6
gxf6 22. Nc3 fxg2 23. Rfd1 Be5 24. Qe3 Qc7 25. Rac1 Bxh2+ 26. Kxg2 Bf4 27. d6
Qb7+ 28. Qe4 Qxe4+ 29. Nxe4 Bxc1 30. Rxc1 Rfd8 31. d7 f5 32. Nf6+ Kg7 33. Nd5
Rab8 34. Rc7 Kf8 35. Kf3 b5 36. a5 b4 37. Nb6 Ke7 38. Rc4 Rxd7 39. Rxb4 Rd3+
40. Ke2 Rbd8 41. Nc4 R3d4 42. Ke3 Kf8 43. f4 Re4+ 44. Kf3 Kg7 45. Ra4 Rdd4  0-1

[Event "M.Chigorin Memorial 2017 "]
[Site "?????-?????????"]
[Date "2017.10.25"]
[Round "5"]
[Board "26"]
[White "Gogin, Maksim"]
[Black "Kezin, Roman"]
[Result "1-0"]
[WhiteElo "2296"]
[BlackElo "2455"]
[PlyCount "87"]
[EventDate "2017.10.21"]
[EventRounds "9"]
[EventCountry "RUS"]

1. d4 d5 2. Nf3 Nf6 3. c4 e6 4. Nc3 c6 5. Qb3 dxc4 6. Qxc4 b5 7. Qd3 Nbd7 8. g3
Bb7 9. Bg2 a6 10. a4 b4 11. Ne4 Nxe4 12. Qxe4 Nf6 13. Qc2 c5 14. dxc5 Rc8 15.
Be3 Qa5 16. O-O Ng4 17. Bd4 Bxc5 18. Qd2 Bxd4 19. Qxd4 Nf6 20. Ne5 Bxg2 21.
Kxg2 O-O 22. Nd3 b3 23. Rac1 h6 24. Rxc8 Rxc8 25. Rc1 Rc2 26. Kf1 e5 27. Qd6
Qd2 28. Re1 e4 29. Qb8+ Kh7 30. Nb4 Rxb2 31. Qe5 e3 32. fxe3 Qxb4 33. Qxb2 Ng4
34. Qd4 Nxh2+ 35. Kf2 Ng4+ 36. Kf1 Nh2+ 37. Kf2 Ng4+ 38. Kf1 Qb7 39. Qxg4 b2
40. Qf5+ g6 41. Qd3 Qh1+ 42. Kf2 Qh2+ 43. Kf3 Qh5+ 44. Kg2  1-0

[Event "M.Chigorin Memorial 2017 "]
[Site "?????-?????????"]
[Date "2017.10.25"]
[Round "5"]
[Board "27"]
[White "Oganian, Miran"]
[Black "Yeritsyan, Aram"]
[Result "1-0"]
[WhiteElo "2454"]
[BlackElo "2293"]
[PlyCount "143"]
[EventDate "2017.10.21"]
[EventRounds "9"]
[EventCountry "RUS"]

1. d4 Nf6 2. c4 e6 3. g3 d5 4. Nf3 dxc4 5. Bg2 Bd7 6. Ne5 Bc6 7. Nxc6 Nxc6 8.
O-O Qd7 9. e3 Rd8 10. Qe2 e5 11. Qxc4 exd4 12. Qb5 Rb8 13. Rd1 a6 14. Qc4 Bd6
15. exd4 Ne7 16. Nc3 h6 17. b3 c6 18. Bb2 O-O 19. d5 cxd5 20. Nxd5 Nexd5 21.
Bxd5 Rbc8 22. Qh4 Be5 23. Bg2 Qc7 24. Bxe5 Qxe5 25. Bxb7 Rc2 26. Qd4 Qe2 27.
Re1 Qb5 28. Bg2 Qa5 29. b4 Qc7 30. Red1 Re8 31. Bf1 Ne4 32. Re1 f5 33. Qd5+ Kh7
34. Qxf5+ g6 35. Qf4 Qxf4 36. gxf4 Rxf2 37. Re3 Rb2 38. Bd3 Nf6 39. Rxe8 Nxe8
40. a3 Nc7 41. Rc1 Nb5 42. Bxb5 axb5 43. Rc5 Ra2 44. Rxb5 Rxa3 45. Rb7+ Kg8 46.
Kg2 Rb3 47. h4 h5 48. b5 Kf8 49. b6 Ke8 50. Kf2 Kd8 51. Rb8+ Kd7 52. b7 Kc7 53.
Rg8 Kxb7 54. Rxg6 Rh3 55. Rg1 Rxh4 56. Kf3 Kc7 57. Rd1 Rg4 58. Ke4 Rg8 59. Ke5
Re8+ 60. Kf6 Rf8+ 61. Kg5 Rg8+ 62. Kxh5 Rf8 63. Kg5 Rg8+ 64. Kh6 Rf8 65. Rd4
Kc6 66. Kg7 Kc5 67. Ra4 Re8 68. f5 Kd6 69. f6 Re1 70. Ra6+ Kd7 71. f7 Rg1+ 72.
Rg6  1-0

[Event "M.Chigorin Memorial 2017 "]
[Site "?????-?????????"]
[Date "2017.10.25"]
[Round "5"]
[Board "28"]
[White "Artamonov, Valery"]
[Black "Palchun, Grigory"]
[Result "0-1"]
[WhiteElo "2273"]
[BlackElo "2441"]
[PlyCount "94"]
[EventDate "2017.10.21"]
[EventRounds "9"]
[EventCountry "RUS"]

1. Nf3 Nf6 2. c4 e6 3. g3 b6 4. Bg2 Bb7 5. O-O Be7 6. d3 d5 7. b3 O-O 8. Bb2 c5
9. e3 Nc6 10. Qe2 Qc7 11. Nbd2 Rad8 12. a3 e5 13. cxd5 Nxd5 14. Nc4 Bf6 15.
Rac1 Qe7 16. Rfd1 Bc8 17. Ba1 Nc7 18. Nfd2 Qe6 19. Bxc6 Qxc6 20. Nxe5 Bxe5 21.
Bxe5 Ne6 22. e4 Qb5 23. Rc3 f6 24. Bf4 Nd4 25. Qf1 Bh3 26. Qe1 Bg4 27. Kf1 Bxd1
28. Qxd1 Qa5 29. Nb1 Rd7 30. Bd2 Qa6 31. a4 Nc6 32. Qg4 Ne5 33. Qe6+ Kh8 34.
Kg2 Rxd3 35. Rxc5 Rdd8 36. Rb5 Rfe8 37. Rd5 Qe2 38. Nc3 Qf3+ 39. Kg1 Rc8 40.
Qd6 Rxc3 41. Bxc3 Qxc3 42. f4 Qe1+ 43. Kg2 Qxe4+ 44. Kh3 Nf3 45. Qd7 Ng1+ 46.
Kh4 g5+ 47. Kg4 Qg6  0-1

[Event "M.Chigorin Memorial 2017 "]
[Site "?????-?????????"]
[Date "2017.10.25"]
[Round "5"]
[Board "29"]
[White "Gogolev, Artem"]
[Black "Dimitrova, Aleksandra"]
[Result "1/2-1/2"]
[WhiteElo "2427"]
[BlackElo "2262"]
[PlyCount "150"]
[EventDate "2017.10.21"]
[EventRounds "9"]
[EventCountry "RUS"]

1. Nf3 Nf6 2. c4 e6 3. g3 d5 4. Bg2 dxc4 5. Qa4+ Nbd7 6. Qxc4 a6 7. Qc2 c5 8.
O-O Bd6 9. d4 O-O 10. Rd1 Qe7 11. Nc3 h6 12. a3 Rb8 13. dxc5 Bxc5 14. b4 Ba7
15. Ne4 Nxe4 16. Qxe4 Nf6 17. Qh4 e5 18. Bb2 e4 19. Bxf6 Qxf6 20. Qxe4 Bf5 21.
Qf4 g5 22. Qd6 Be6 23. Qe5 Kg7 24. e3 Rfd8 25. Qxf6+ Kxf6 26. Nd4 Bd5 27. Rac1
Bxg2 28. Kxg2 Bxd4 29. Rxd4 Rxd4 30. exd4 Rd8 31. Rc7 Rxd4 32. Rxb7 a5 33. Rb6+
Kg7 34. Kf1 axb4 35. Rxb4 Rd1+ 36. Ke2 Ra1 37. Ra4 Rh1 38. h4 Kg6 39. hxg5 hxg5
40. g4 Ra1 41. Ke3 Re1+ 42. Kf3 Ra1 43. Ra6+ f6 44. Ra8 Ra2 45. Ra7 Ra1 46. Ke2
Rg1 47. f3 Rg2+ 48. Ke3 Ra2 49. Ra5 Ra1 50. Ra8 Ra2 51. a4 Ra1 52. a5 Ra3+ 53.
Ke4 Kh7 54. a6 Kg7 55. Ra7+ Kg6 56. Ra8 Kg7 57. Kd5 Rxf3 58. Kc6 f5 59. a7 Ra3
60. gxf5 g4 61. f6+ Kxf6 62. Rf8+ Ke5 63. a8=Q Rxa8 64. Rxa8 g3 65. Ra4 Kf5 66.
Kd5 g2 67. Ra8 Kf4 68. Ra1 Ke3 69. Ke5 Kf2 70. Ra2+ Kf1 71. Ra1+ Kf2 72. Ra2+
Kf1 73. Ra1+ Kf2 74. Kf4 g1=Q 75. Rxg1 Kxg1  1/2-1/2

[Event "M.Chigorin Memorial 2017 "]
[Site "?????-?????????"]
[Date "2017.10.25"]
[Round "5"]
[Board "30"]
[White "Maltsevskaya, Aleksandra"]
[Black "Duzhakov, Ilya"]
[Result "1/2-1/2"]
[WhiteElo "2260"]
[BlackElo "2423"]
[PlyCount "65"]
[EventDate "2017.10.21"]
[EventRounds "9"]
[EventCountry "RUS"]

1. e4 e6 2. d4 d5 3. Nc3 Bb4 4. e5 Ne7 5. Bd2 b6 6. Qg4 O-O 7. Nf3 Ba6 8. Bxa6
Nxa6 9. O-O Nf5 10. Qh3 c5 11. Bg5 f6 12. Bc1 Bxc3 13. bxc3 Qd7 14. Bd2 Rac8
15. exf6 gxf6 16. Rae1 Nc7 17. Nh4 Nxh4 18. Qxh4 cxd4 19. cxd4 Kh8 20. Bh6 Rf7
21. Re3 Nb5 22. Rfe1 Re8 23. Qg4 Rg8 24. Qf4 Qc7 25. Rxe6 Qxf4 26. Bxf4 Nxd4
27. Re7 Rxe7 28. Rxe7 Rg7 29. Re8+ Rg8 30. Re7 Rg7 31. Re8+ Rg8 32. Re7 Rg7 33.
Re8+  1/2-1/2

[Event "M.Chigorin Memorial 2017 "]
[Site "?????-?????????"]
[Date "2017.10.25"]
[Round "5"]
[Board "31"]
[White "Shuvalov, Evgenij"]
[Black "Sindarov, Javokhir"]
[Result "0-1"]
[WhiteElo "2247"]
[BlackElo "2406"]
[PlyCount "80"]
[EventDate "2017.10.21"]
[EventRounds "9"]
[EventCountry "RUS"]

1. Nf3 d5 2. c4 d4 3. g3 Nc6 4. Bg2 e5 5. O-O e4 6. Ne1 h5 7. d3 h4 8. Nd2 hxg3
9. hxg3 e3 10. fxe3 dxe3 11. Ne4 Nh6 12. Bxe3 Ng4 13. Qd2 f5 14. Nc3 Bd6 15.
Nd5 Bxg3 16. Bf4 Qh4 17. Bxg3 Qxg3 18. Qf4 Qxf4 19. Rxf4 Kd8 20. Nc2 g5 21.
Rff1 Nce5 22. e3 c6 23. Nc3 Kc7 24. Rfd1 Rd8 25. Bf1 f4 26. Be2 f3 27. Bf1 Rh8
28. Rd2 Bf5 29. Nd1 Rh4 30. e4 Rah8 31. Nf2 Nxf2 32. Kxf2 Rh2+ 33. Ke1 Be6 34.
d4 Nxc4 35. Rxh2 Rxh2 36. d5 Rxc2 37. Bxc4 f2+ 38. Kd1 Rxc4 39. Ke2 Rxe4+ 40.
Kxf2 cxd5  0-1